[Event "32nd Reykjavik Open 2017"]
[Site "Reykjavik"]
[Date "2017.04.23"]
[Round "6"]
[White "Esserman, Marc"]
[Black "Van Foreest, Jorden"]
[Result "1/2-1/2"]
[WhiteElo "2458"]
[BlackElo "2584"]
[Annotator "TA"]
[PlyCount "195"]
[EventDate "2017.??.??"]
[EventType "swiss"]
[EventCountry "ISL"]
[SourceTitle "playchess.com"]
[Source "ChessBase"]
[SourceQuality "1"]

{[%evp 11,194,-3,26,-1,12,0,12,0,0,0,0,0,14,-39,-31,-53,-27,-58,-43,-60,-49,-87,-49,-70,-46,-79,-85,-85,-61,-71,27,35,35,34,50,18,137,149,197,174,194,187,167,177,416,421,509,510,513,498,569,549,606,206,183,216,186,211,214,217,189,182,185,185,403,403,403,402,384,315,420,384,587,587,580,579,576,575,572,550,552,360,360,360,360,358,353,325,325,263,297,263,262,153,153,153,153,153,153,153,153,153,153,153,153,153,153,153,153,153,153,153,153,153,153,153,153,153,153,153,153,17,17,17,17,17,17,16,16,16,16,12,12,12,20,20,20,20,20,20,20,20,28,28,28,28,28,0,28,28,28,28,28,28,4574,4574,4574,4574,4574,4567,4574,4567,4574,4574,4574,4567,4567,4574,4574,4574,4574,4566,4570,4574,4574,4566,4566,4566,4574,4566,4574,4566,4566,4574,4566]} 1. e4 c6 2. d4 d5 3. e5 c5 4. dxc5 e6 5. a3 {B12: Caro-Kann: Advance Variation} (5. Qg4 Nc6 6. Nf3 Nge7 7. Bb5 Ng6 8. Be3 Bd7 9. Bxc6 bxc6 10. c3 Qb8 11. Qb4 Qc7 12. Qd4 Ne7 13. Qd3 {½-½ (42) Vachier Lagrave,M (2796)-Fontaine,R (2549) chess.com INT 2017}) 5... Bxc5 6. b4 Bb6 {LiveBook: 22 Games} (6... Bf8 $5 {seems wilder.} 7. Nf3 a5 8. bxa5 Nc6 9. Bd3 Nge7) 7. Bb2 {White has an edge.} (7. Qg4 $5 {feels hotter.} Kf8 8. Nf3 a5 9. Bb2 axb4 10. Bd3) 7... Ne7 (7... Qh4 $5 {creates asymmetry.}) 8. Nf3 a5 9. b5 a4 10. Bd3 Nd7 11. O-O Nc5 12. Nc3 (12. c4 $11) 12... Bd7 $36 {[%mdl 2048] Black has the initiative.} 13. Rb1 $146 Rc8 14. Ba1 Ng6 (14... Nxd3 $6 15. cxd3 O-O 16. Nxa4 $11) 15. Ne2 O-O 16. g3 f6 17. Bxg6 hxg6 18. exf6 gxf6 19. Nf4 Be8 20. Re1 Bf7 {[#]} ({Black should try} 20... Ne4 $17 21. Nxe6 Bxf2+ 22. Kf1 Qb6 23. Nxf8 Bxe1) 21. Ng5 $1 $11 {[%cal Rg5e6][%mdl 512]} Ne4 $1 (21... fxg5 $6 22. Qd4 e5 23. Qxe5 $18) 22. Nxe4 dxe4 23. Qg4 $1 (23. Rxe4 Qxd1+ 24. Rxd1 e5 $17) (23. Qxd8 Bxd8 24. Re2 (24. Rxe4 e5 25. Ng2 Rxc2 $17) 24... e5 $17) 23... e3 (23... Rxc2 $2 24. Nxg6 Rxf2 25. Kh1 $18 (25. Nxf8+ $2 Kxf8 26. Kh1 Qd5 $19)) (23... g5 $11) 24. fxe3 $16 g5 25. Rbd1 (25. Nxe6 Qd7 26. Bxf6 Rc5 $11) 25... Qe7 26. h4 $1 {[%cal Bh2h4,Bh4g5][%mdl 32]} (26. Bd4 $2 f5 27. Qh3 Bxd4 28. exd4 gxf4 29. gxf4 Bg6 $19) 26... Rc5 {[#]} (26... Rxc2 $2 27. hxg5 Bh5 28. Nxh5 $18) 27. c4 $1 {[%mdl 512]} Rf5 $2 {[#]} (27... Ba5) (27... Rxc4 28. hxg5) 28. Nd5 $1 $18 {[%mdl 512]} Rxd5 (28... exd5 29. Qxf5) 29. cxd5 exd5 30. hxg5 (30. Qxa4 Qe6 $16) 30... Bxe3+ 31. Kg2 Be6 32. Qb4 $2 (32. Qxa4 Bf5 33. g6 Rc8 $16) (32. Bxf6 Bxg4 33. Bxe7 Rf2+ 34. Kg1 Ba7 $11) (32. Qh5 Bf7 33. Qf3 (33. Bxf6 Qxf6 34. gxf6 Bxh5 35. Rxd5 Bf7 $14)) 32... Qxb4 33. axb4 d4 34. Bxd4 Bd5+ 35. Kh2 Bxg5 36. Be3 (36. Bxf6 $6 Bxf6 37. Rxd5 a3 $16) 36... Bb3 {White must now prevent ...Bxe3.} 37. Rc1 $1 a3 $2 (37... Ra8 {was called for.} 38. Bxg5 fxg5) 38. Rc3 Bxe3 39. Rxb3 {[%mdl 4096] Endgame KRR-KRB} ({Less strong is} 39. Rcxe3 Bc4 40. Rxa3 Bxb5 $18) 39... Bd2 40. Ra1 Re8 41. Raxa3 ({Don't do} 41. Rbxa3 Bxb4 42. Ra8 Kf7 43. Rxe8 Kxe8 $18) 41... Re5 (41... Kf7 $142 42. Ra2 Be3) 42. Rd3 Bxb4 43. Ra8+ Kf7 44. Rd7+ Kg6 45. Rxb7 Bd6 46. Rd8 Re2+ 47. Kh3 Be5 48. Rd3 Rb2 49. Kg4 Rb4+ 50. Kf3 Kf5 51. b6 Bd4 52. Re7 (52. g4+ $18 Ke6 53. Ra3) 52... Bxb6 $16 53. Rd5+ Kg6 54. Rb7 Bc5 55. Rxb4 ({Not} 55. Rxc5 Rxb7 56. g4 Rb4 $11) 55... Bxb4 {KR-KB} 56. Ke4 Be1 57. g4 Bc3 58. Rd8 {Threatens to win with Rg8+.} Bb2 59. Rg8+ Kf7 {[#]} 60. Rb8 $1 {[%cal Rb8b2]} Be5 61. Rh8 Kg6 62. Rh5 Bb2 63. Ra5 Bc3 64. Ra8 {Hoping for Rg8+.} Bb2 65. Ra2 Be5 66. Rg2 (66. Ke3 $16) 66... Kg5 $11 67. Rg1 Bf4 68. Rf1 Be5 69. Kf3 {Strongly threatening Rh1.} (69. Rf5+ $5 {is more complex.} Kxg4 70. Rf1 Kg3 71. Kf5 Kg2 72. Rb1) 69... f5 70. gxf5 Kxf5 71. Rb1 Bd6 72. Rb5+ Be5 73. Ra5 Ke6 74. Ke4 Bg3 75. Ra6+ Kd7 76. Kd5 Kc7 77. Rg6 Bf2 78. Rg7+ Kb6 79. Rg6+ Kb7 80. Rf6 Bg3 81. Kc5 Bh2 82. Rf7+ Ka8 $2 {[%mdl 8192] [#]} (82... Kc8 $11) 83. Kc6 $1 $18 {White is clearly winning.} Bb8 84. Rf1 Ba7 85. Kc7 {White threatens Rf8+ and mate.} Bb8+ 86. Kc8 Ba7 87. Rb1 Be3 88. Rb3 Ba7 89. Kc7 Bf2 90. Rf3 Bd4 91. Rf5 Be3 92. Rf8+ Ka7 93. Rf3 Bb6+ 94. Kc6 {White wants to mate with Ra3+.} Bd4 95. Rf7+ Ka8 96. Rd7 Be5 97. Kb6 Bb8 98. Rd8 (98. Rh7 $142 Be5 99. Re7) 1/2-1/2

[Event "32nd Reykjavik Open 2017"]
[Site "Reykjavik"]
[Date "2017.04.23"]
[Round "6"]
[White "Christiansen, Johan-Sebastian"]
[Black "Donchenko, Alexander"]
[Result "1/2-1/2"]
[WhiteElo "2429"]
[BlackElo "2554"]
[Annotator "TA"]
[PlyCount "61"]
[EventDate "2017.??.??"]
[EventType "swiss"]
[EventCountry "ISL"]
[SourceTitle "playchess.com"]
[Source "ChessBase"]
[SourceQuality "1"]

{[%evp 15,61,25,35,35,48,45,48,51,76,11,56,32,39,38,32,31,54,10,30,0,0,0,0,0,0,0,0,0,0,0,0,0,0,0,0,-33,0,0,0,0,0,0,0,0,0,0,0,0]} 1. e4 c5 2. Nf3 d6 3. Bb5+ Nd7 4. O-O a6 5. Bd3 {B51: Sicilian: Moscow Variation (3 Bb5+) without 3...Bd7} g6 (5... Ngf6 6. Re1 e6 7. c3 b5 8. Bc2 c4 9. a4 Bb7 10. d4 cxd3 11. Bxd3 bxa4 12. Qxa4 Be7 13. h3 O-O 14. Be3 Qc7 15. Nbd2 Rfb8 16. Qa5 Bd8 17. Qxc7 Bxc7 18. b4 {½-½ (18) Nakamura,H (2785)-Vachier Lagrave,M (2796) Sharjah 2017}) 6. c3 Bg7 7. Bc2 Ngf6 8. d4 O-O {LiveBook: 6 Games} 9. e5 dxe5 $146 (9... Ne8 10. e6 fxe6 11. Ng5 Nc7 12. dxc5 d5 {1-0 (39) Pablo Marin,A (2375)-Vehi Bach,V (2390) Spain 1993}) 10. dxe5 Ng4 {[%cal Bf6g4,Bg4h6,Bh6f7][%mdl 32]} 11. e6 $1 {[%cal Re6d7]} fxe6 12. h3 ({White should play} 12. Qe2 $16 Nde5 13. Ng5) 12... Nh6 13. Bb3 Nf7 14. Bxe6 Nde5 15. Ng5 Qb6 16. Qd5 Bf6 (16... h6 $5 {feels hotter.} 17. Bxc8 Raxc8 18. Ne6 Rfe8 19. Nxg7 Red8) 17. Re1 {Rxe5 is the strong threat.} (17. Bxf7+ $5 {is more complex.} Nxf7 18. Ne4 Bf5 19. Qxc5 Qxc5 20. Nxc5 b6 21. Na4) 17... Bxg5 18. Bxf7+ $1 Nxf7 19. Bxg5 Qxb2 20. Bxe7 Qxa1 21. Bxf8 Kxf8 22. Qxc5+ Kg7 {[#] aiming for ...Bf5.} 23. Qd4+ Kf8 $1 24. Qb4+ Kg7 {Hoping for ...Bf5.} 25. g4 Qxa2 {Threatens to win with ...Be6.} 26. Re8 {[#] Threatening mate with Qf8+.The position is equal.} Bf5 27. Qf8+ Kf6 28. Qe7+ Kg7 29. Qf8+ Kf6 30. Qe7+ Kg7 31. Qf8+ 1/2-1/2

[Event "32nd Reykjavik Open 2017"]
[Site "Reykjavik"]
[Date "2017.04.23"]
[Round "6"]
[White "Ahlander, Bjorn"]
[Black "Friedel, Joshua E"]
[Result "1/2-1/2"]
[WhiteElo "2416"]
[BlackElo "2524"]
[Annotator "TA"]
[PlyCount "62"]
[EventDate "2017.??.??"]
[EventType "swiss"]
[EventCountry "ISL"]
[SourceTitle "playchess.com"]
[Source "ChessBase"]
[SourceQuality "1"]

{[%evp 18,62,20,18,18,15,25,11,25,21,31,21,54,45,59,29,16,25,14,16,44,38,39,49,37,0,0,0,2,3,4,4,11,6,7,0,1,0,0,0,0,0,0,0,0,0,0]} 1. d4 Nf6 2. c4 e6 3. Nf3 Bb4+ 4. Nbd2 O-O 5. g3 b6 6. Bg2 Bb7 7. O-O d5 8. cxd5 {E16: Queen's Indian: 4 g3 Bb7 5 Bg2 Bb4+} (8. Ne5 Nbd7 9. Qa4 Bd6 10. Nxd7 Qxd7 11. Qxd7 Nxd7 12. cxd5 Bxd5 13. e4 Bb7 14. Rd1 Be7 15. Nc4 Nf6 16. f3 c5 17. dxc5 Bxc5+ 18. Be3 Bxe3+ 19. Nxe3 Rfd8 20. Rxd8+ Rxd8 21. Rd1 Rxd1+ 22. Nxd1 e5 {½-½ (22) Bluebaum,M (2632)-Yu,Y (2738) Moscow 2017}) 8... Bxd5 9. Qc2 Bxd2 10. Bxd2 {LiveBook: 4 Games} Nbd7 {[%cal Bb8d7,Bd7c5,Bc5e4][%mdl 32]} 11. b4 c5 $146 (11... Rc8 12. a4 c5 13. dxc5 bxc5 14. b5 Qb6 15. Rfc1 Qb7 {0-1 (25) Peng,Z (2462)-Van Vliet,J (2296) Haarlem 2008}) 12. dxc5 {Strongly threatening c6.} bxc5 13. bxc5 Rc8 14. Rfc1 Nxc5 15. Be3 Nce4 16. Qxc8 Qxc8 17. Rxc8 Rxc8 18. Bxa7 Ra8 19. Bd4 Rxa2 20. Rxa2 Bxa2 21. Bxf6 Nxf6 $14 {[%mdl 4096] Endgame KBN-KBN. The position is equal.} 22. Ne5 Bd5 23. f3 Ne8 24. e4 Ba2 25. Kf2 f6 26. Nd3 Bc4 27. Nb2 Bb5 28. Bf1 Bxf1 29. Kxf1 Nd6 30. Ke2 Kf7 31. Ke3 e5 1/2-1/2

[Event "32nd Reykjavik Open 2017"]
[Site "Reykjavik"]
[Date "2017.04.23"]
[Round "6"]
[White "Kleinman, Michael"]
[Black "Bailet, Pierre"]
[Result "1/2-1/2"]
[WhiteElo "2289"]
[BlackElo "2510"]
[Annotator "TA"]
[PlyCount "111"]
[EventDate "2017.??.??"]
[EventType "swiss"]
[EventCountry "ISL"]
[SourceTitle "playchess.com"]
[Source "ChessBase"]
[SourceQuality "1"]

{[%evp 19,111,11,20,0,0,0,22,15,31,20,8,14,36,17,66,39,53,41,40,0,136,142,132,117,156,155,156,156,156,156,156,156,156,156,156,156,156,156,156,156,156,156,156,156,152,145,148,145,149,145,156,156,156,156,156,156,156,147,156,156,156,156,156,0,156,156,156,136,142,150,166,159,143,149,172,173,178,166,157,154,136,129,132,147,205,182,196,122,116,0,181,0,117,0]} 1. e4 c5 2. Nf3 Nc6 3. Bb5 g6 4. Bxc6 bxc6 5. O-O Bg7 6. Re1 Nh6 7. c3 O-O 8. h3 {B31: Sicilian: 2...Nc6 3 Bb5 g6} f5 9. e5 Nf7 10. d3 Ba6 {LiveBook: 11 Games} 11. Na3 (11. c4 d6 12. e6 Ne5 13. Nc3 Nxf3+ 14. Qxf3 Rb8 15. Re2 Bc8 {½-½ (58) Caruana,F (2817)-Nakamura,H (2793) Saint Louis 2017}) 11... e6 12. h4 $146 (12. Nc4 Bxc4 13. dxc4 g5 14. Be3 Qe7 15. b4 cxb4 16. cxb4 Qxb4 17. Qxd7 {½-½ (57) Warakomska,A (2343)-Socko,M (2466) Warsaw 2017}) 12... d6 {[%cal Rd6e5]} 13. Bg5 Qd7 {[%cal Rd6e5]} 14. exd6 Qxd6 15. Nc4 Qd5 16. Qe2 $36 {[%mdl 2048] White has some pressure.} Rfe8 17. Nce5 Nxe5 18. Nxe5 Bxe5 19. c4 {[#]} Bh2+ (19... Bxc4 $1 $11 {remains equal.} 20. dxc4 Qe4) 20. Kxh2 $16 Qd4 21. Qe5 Rab8 ({Don't capture} 21... Qxd3 $2 22. Rad1 (22. Qxc5 Qxc4 23. Qd6 Qd5 $11) 22... Qxc4 23. Rd7 $18) 22. b3 Rb7 23. Qxd4 cxd4 24. Re5 {aiming for Ra5.} Rd7 25. Rae1 Kf7 26. Ra5 Bc8 27. Bf4 a6 28. Rc5 Bb7 29. Kg3 Rh8 30. Rce5 Re7 31. Bg5 Ree8 32. Bc1 Bc8 33. Rc5 Bb7 34. Bf4 Rd8 35. Rce5 Rhe8 36. f3 Ra8 37. Bd2 Rac8 38. Rc5 Kg7 39. Bf4 Rcd8 40. Be5+ Kf7 41. Bf4 Kg7 $1 42. Kf2 Kf7 43. Rh1 Rg8 44. Bg5 Ra8 45. Kg3 Rh8 46. Bh6 Kf6 47. Kf4 Kf7 48. h5 Rag8 49. g3 gxh5 50. Bg5 Kg6 51. Re1 {[%mdl 1024] White has strong compensation.} Re8 (51... Kf7 $16 {keeps fighting.} 52. Bh4 Rg6) 52. Bh4 $1 $18 Rhf8 53. Rce5 ({White should play} 53. Ke5 $1 $18) 53... Bc8 $16 54. Rc5 (54. Rg1 $16) 54... Bb7 $18 {[#]} 55. Rce5 (55. Ke5 $1 $18) 55... Bc8 $16 {[#]} 56. Rc5 (56. Rg1 $1 $16) 1/2-1/2

[Event "32nd Reykjavik Open 2017"]
[Site "Reykjavik"]
[Date "2017.04.23"]
[Round "6"]
[White "Vaishali R"]
[Black "Perelshteyn, Eugene"]
[Result "1-0"]
[WhiteElo "2259"]
[BlackElo "2509"]
[Annotator "TA"]
[PlyCount "105"]
[EventDate "2017.??.??"]
[EventType "swiss"]
[EventCountry "ISL"]
[SourceTitle "playchess.com"]
[Source "ChessBase"]
[SourceQuality "1"]

{[%evp 19,105,31,22,0,0,0,0,0,0,-8,0,0,0,0,-4,-9,-19,-23,-29,-24,20,20,21,6,0,-8,0,-18,-19,-34,-40,-39,92,94,97,0,0,0,218,235,222,231,595,578,549,264,528,304,305,309,307,304,280,293,260,261,297,295,400,412,535,520,531,478,497,468,474,465,581,575,974,971,644,986,912,873,964,979,916,972,903,884,1000,977,1995,1982,2169,1576]} 1. e4 c5 2. Nf3 d6 3. c3 Nf6 4. Be2 Nbd7 5. d3 b6 6. O-O Bb7 7. Nbd2 g6 8. Re1 Bg7 9. Bf1 O-O 10. d4 Qc7 {LiveBook: 7 Games. B50: Sicilian: 2...d6, Miscellaneous} 11. Bd3 cxd4 12. cxd4 e5 {The position is equal.} 13. d5 Nc5 {[%cal Bd7c5,Bc5a6,Ba6b4][%mdl 32]} 14. Bc2 a5 15. a4 Na6 $146 (15... Rfc8 16. Ra3 Ba6 17. Rc3 Qe7 18. Nf1 {0-1 (48) Handke,F (2498)-Ruck,R (2574) Germany 2009}) 16. Ra3 Nd7 17. Bd3 Nb4 18. Bb5 Nc5 19. Nb3 h6 20. Nxc5 bxc5 21. Bc4 Kh7 22. Bd2 Qd8 23. Rae3 f5 24. exf5 gxf5 25. Bc3 Qd7 {[#]} (25... Ra7 $15 {keeps the upper hand.}) 26. Nh4 $1 $16 Ba6 27. b3 (27. Bxa6 $16 Rxa6 28. Rg3) 27... Bxc4 $11 28. bxc4 Qf7 $2 (28... Bf6 $11 {and Black has nothing to worry.} 29. Rh3 Bxh4 30. Rxh4 f4) 29. Rg3 $18 f4 30. Rg6 f3 $2 (30... Ra6 {is more resistant.} 31. Qb1 Kg8 32. Bxb4 axb4) 31. Qb1 {White wants to mate with Rxh6+!} Kg8 {[#]} 32. Nxf3 (32. Rxe5 $142 $1 {[%mdl 512]} dxe5 33. Bxe5) 32... Rad8 $2 (32... Ra6 33. Bd2 Qf5 34. Bxh6 Kh7) 33. Bd2 Qf5 34. Bxh6 Kh7 {aiming for ...Qxb1.} 35. Rxg7+ Kxh6 36. Qxf5 Rxf5 37. Rg4 Rb8 38. Rb1 Rbf8 39. Rb3 Rf4 {[#]} 40. Nxe5 $1 {[%cal Rb3h3][%mdl 512] White is clearly winning.} Rxg4 (40... dxe5 41. Rh3#) 41. Nxg4+ {[%mdl 4096] Endgame KRN-KRN} Kg5 42. Rg3 Rf4 43. Ne3+ Kf6 44. Rg4 Rxg4 45. Nxg4+ {KN-KN} Kg5 46. Ne3 Nd3 47. Nd1 Ne5 48. Nb2 Kf4 49. h4 {[%cal Bh2h4,Bh4h5,Bh5h6,Bh6h7][%mdl 32]} Ke4 50. h5 Kd4 51. h6 Kc3 52. h7 Ng6 {[#]} 53. f4 $1 1-0

[Event "32nd Reykjavik Open 2017"]
[Site "Reykjavik"]
[Date "2017.04.24"]
[Round "7"]
[White "Giri, Anish"]
[Black "Kamsky, Gata"]
[Result "1/2-1/2"]
[WhiteElo "2771"]
[BlackElo "2668"]
[Annotator "TA"]
[PlyCount "64"]
[EventDate "2017.??.??"]
[EventType "swiss"]
[EventCountry "ISL"]
[SourceTitle "playchess.com"]
[Source "ChessBase"]
[SourceQuality "1"]

{[%evp 16,64,22,12,24,0,25,20,25,5,81,81,79,72,90,85,52,64,80,63,94,38,29,26,34,21,30,10,2,5,20,31,27,30,30,30,36,31,29,28,43,0,0,0,0,0,0,0,0,0,0]} 1. d4 Nf6 2. c4 e6 3. Nf3 b6 4. g3 Ba6 5. b3 Bb4+ 6. Bd2 Be7 7. Nc3 c6 8. e4 d5 9. Qc2 dxe4 {E15: Queen's Indian: 4 g3 sidelines, 4 g3 Ba6 and 4 g3 Bb7 early deviations} 10. Nxe4 Nbd7 (10... Bb7 11. Bc3 Nbd7 12. Nxf6+ Bxf6 13. Bd3 c5 14. Be4 Bxe4 15. Qxe4 O-O 16. O-O Qc7 17. Rad1 {1-0 (55) Aronian,L (2815)-Karjakin,S (2771) Stavanger 2014}) 11. Nxf6+ $146 (11. Bg2 Bb7 12. O-O O-O 13. Rad1 Nxe4 14. Qxe4 Nf6 15. Qe2 c5 16. Bf4 cxd4 17. Nxd4 {1-0 (63) Navara,D (2663)-Wojtaszek,R (2591) Lubniewice 2005}) 11... Bxf6 12. O-O-O {[%cal Ba1d1,Bd1e1,Be1e4,Be4e7,Be7c7][%mdl 32]} c5 {[#]} (12... Bb7 $11 {remains equal.}) 13. d5 $1 $16 exd5 14. cxd5 Bxf1 15. Re1+ ({Reject} 15. Rhxf1 $6 O-O $11) 15... Kf8 16. Rhxf1 b5 17. Re4 g6 18. Bh6+ (18. d6 $16) 18... Bg7 $1 $14 {[%cal Rg7h6]} 19. Bxg7+ Kxg7 20. Qb2+ Qf6 21. Re7 Nb6 22. d6 Qxb2+ 23. Kxb2 {[#] Hoping for Ng5.} Rhd8 24. Rd1 {Black must now prevent Ne5.} Nc8 25. Rc7 Nxd6 26. Ng5 {Ne6+ is the strong threat.} Kg8 27. Rxc5 h6 28. Rcd5 (28. Nf3 $5 {is interesting.} Nc4+ 29. Kc2 Rxd1 30. Kxd1 Nd6 31. Kc2) 28... hxg5 {The position is equal.} 29. Rxd6 Rxd6 30. Rxd6 Kg7 31. f3 Rh8 32. Rd2 Kf6 1/2-1/2

[Event "32nd Reykjavik Open 2017"]
[Site "Reykjavik"]
[Date "2017.04.24"]
[Round "7"]
[White "Jobava, Baadur"]
[Black "Landa, Konstantin"]
[Result "1-0"]
[WhiteElo "2712"]
[BlackElo "2611"]
[Annotator "TA"]
[PlyCount "117"]
[EventDate "2017.??.??"]
[EventType "swiss"]
[EventCountry "ISL"]
[SourceTitle "playchess.com"]
[Source "ChessBase"]
[SourceQuality "1"]

{[%evp 9,117,26,21,-4,0,0,27,27,36,31,46,32,30,18,53,53,56,65,56,63,78,75,188,172,181,193,188,135,184,175,239,208,224,65,64,18,23,29,15,17,23,7,56,56,101,100,113,114,149,143,195,159,148,26,79,20,21,20,34,27,25,19,20,26,26,29,795,772,1395,1376,1270,1162,2019,1922,1795,2394,5600,4922,29947,29944,12819,6095,29953,29958,29974,29957,29950,29951,12847,12816,29961,11282,12798,1370,12832,29975,29983,29984,29984,29985,29985,29982,29984,29983,29990,29991,29991,29992,29992,29993]} 1. e4 e5 2. Nf3 Nf6 3. Nxe5 d6 4. Nf3 Nxe4 5. Qe2 Qe7 6. d4 {C42: Petroff Defence: 3 Nxe5 and unusual White 3rd moves} (6. d3 Nf6 7. Bg5 Qxe2+ 8. Bxe2 Be7 9. Nc3 c6 10. O-O-O h6 11. Bd2 Na6 12. Rde1 Nc7 13. Bd1 Ne6 14. h3 h5 15. Ng5 Nxg5 16. Bxg5 Be6 17. f4 Kd7 18. Rhf1 g6 {1-0 (69) Onischuk,V (2601)-Li,C (2720) Doha 2016}) 6... Bg4 7. Be3 g6 8. h3 {White has an edge.} Bd7 $146 (8... Bxf3 9. Qxf3 Nd7 10. Bd3 d5 11. O-O Bg7 12. Re1 O-O 13. Nd2 f5 14. Bxe4 dxe4 {½-½ (63) Scheuch,B (1376)-Gehle,P (1379) Arendsee 2009}) 9. Nbd2 Nxd2 10. Qxd2 {Black must now prevent 0-0-0.} Bh6 11. Bc4 Nc6 12. O-O Bxe3 13. fxe3 O-O-O 14. e4 f6 (14... Qxe4 $2 15. Rae1 (15. Bxf7 Qe7 16. Bc4 Kb8 $14) 15... Qf5 16. d5 $18) 15. b4 g5 (15... Qg7 $16) 16. b5 $18 Nb8 17. Rae1 h5 {[%cal Bh7h5,Bh5h4,Bh4h3,Bh3h2][%mdl 32]} 18. Qc3 (18. Qa5 $18) 18... Qg7 19. a4 Rde8 (19... g4 $142) 20. Nd2 h4 21. Be2 $2 (21. Bd5 $18) 21... g4 $1 $14 {[%cal Rg4h3]} 22. Bxg4 Bxg4 23. hxg4 Qxg4 24. Rxf6 Nd7 25. Rf2 h3 26. g3 $1 h2+ 27. Kh1 (27. Rxh2 $2 Rxh2 28. Kxh2 Rh8+ 29. Kg2 Qh3+ 30. Kf2 Qh2+ 31. Ke3 Qxg3+ 32. Nf3 Qxf3+ $1 {[%mdl 512]} 33. Kxf3 Rh3+ 34. Kf4 Rxc3 $19) 27... Rh3 28. Re3 ({But not} 28. Rxh2 $2 Rxh2+ 29. Kxh2 Rh8+ 30. Kg1 Qh3 $19) (28. Rf7 Rxg3 29. Nf3 Rg1+ $1 {[%mdl 512]} 30. Rxg1 hxg1=R+ 31. Nxg1 Rg8 32. Rf8+ Rxf8 33. b6 axb6 34. Qh3 Qxe4+ 35. Qg2 Rh8+ 36. Nh3 Rxh3+ 37. Kg1 Qe3+ 38. Qf2 Rh1+ $1 {[%mdl 512]} 39. Kxh1 Qxf2 40. a5 Nf6 41. a6 bxa6 42. c3 Ng4 43. d5 Qh2#) 28... Qg6 29. a5 Kb8 (29... Rh5 $16 {was worth a try.}) 30. Ref3 Rg8 31. a6 ({Don't do} 31. Rxh2 $6 Rh5 $11) (31. Rg2 $16) 31... bxa6 {[#]} (31... Rxg3 $11 32. Rxg3 Qxg3 33. Qxg3 Rxg3) 32. bxa6 ({White should play} 32. Rg2 $1 $16) 32... Rxg3 $11 33. Rxg3 $40 {[%mdl 128] White has some attack.} Qxg3 34. Qxg3 Rxg3 35. Rxh2 {[%mdl 4096] Endgame Rh8+ would kill now. KRN-KRN} c5 36. Rh7 Kc7 37. e5 {[%cal Be4e5,Be5d6][%mdl 32]} Re3 $2 {[%mdl 8192]} (37... Rg6 $11) 38. exd6+ $18 Kc6 {[#]} 39. d5+ $1 Kxd5 40. Rxd7 {KRN-KR} Re1+ 41. Kg2 Re2+ 42. Kf3 Rxd2 43. Rxa7 Kxd6 {[#]} 44. Rd7+ $1 {[%mdl 512]} Kxd7 45. a7 Rxc2 46. a8=Q {KQ-KR} Rc1 47. Qa4+ Kc8 48. Ke4 Rh1 49. Qc6+ Kb8 50. Qb5+ (50. Qxc5 $142 Kb7 51. Qe3 Kc6 52. Qf3 Rh7 53. Kd4+ Kb6 54. Qb3+ Ka7 55. Qa2+ Kb8 56. Qg8+ Kc7 57. Qxh7+ Kd6 58. Qf7) 50... Kc7 51. Qxc5+ Kd8 52. Qg5+ Ke8 {White mates.} 53. Qg4 Re1+ 54. Kd5 Re7 55. Qg8+ Kd7 56. Qb8 Re1 57. Qb5+ Kc8 58. Qc4+ Kd7 59. Qa4+ 1-0

[Event "32nd Reykjavik Open 2017"]
[Site "Reykjavik"]
[Date "2017.04.24"]
[Round "7"]
[White "Shirov, Alexei"]
[Black "Kleinman, Michael"]
[Result "1-0"]
[WhiteElo "2693"]
[BlackElo "2289"]
[Annotator "TA"]
[PlyCount "39"]
[EventDate "2017.??.??"]
[EventType "swiss"]
[EventCountry "ISL"]
[SourceTitle "playchess.com"]
[Source "ChessBase"]
[SourceQuality "1"]

{[%evp 11,39,39,45,28,19,25,27,18,36,18,25,21,67,2,13,15,50,50,173,175,162,171,679,692,912,916,939,927,897,886]} 1. e4 c5 2. Nf3 e6 3. d4 cxd4 4. Nxd4 Nc6 5. Nc3 Qc7 6. Be3 a6 7. Qf3 {B48: Sicilian: Taimanov: 5 Nc3 Qc7 6 Be3 a6 without Be2} Bd6 (7... Nf6 8. O-O-O Rb8 9. Be2 d6 10. Qg3 Nxd4 11. Bxd4 e5 12. Ba7 Ra8 13. Be3 b5 14. f4 Bb7 15. fxe5 Nxe4 16. Nxe4 Bxe4 {1-0 (42) Nepomniachtchi,I (2767)-Adhiban,B (2666) Doha 2016}) 8. O-O-O {[#] Threatens to win with Ndb5!} Be5 $1 9. g3 {White has an edge.} Nge7 10. Qe2 b5 11. Qd2 $146 (11. f4 Bxd4 12. Bxd4 Nxd4 13. Rxd4 Rb8 14. Qd2 b4 {½-½ (23) Motylev,A (2663)-Bosiocic,M (2602) Moscow 2017}) 11... Rb8 12. Nxc6 (12. f4 $14 Bxd4 13. Bxd4) 12... Qxc6 $11 13. Bg2 Qc4 14. Bf4 $36 {[%mdl 2048] Black is under pressure.} f6 ({Black should try} 14... Bxc3 $14 15. Qxc3 Qxc3 16. bxc3 Ra8) 15. Bxe5 $18 fxe5 16. Qd6 Nc6 $2 {[#]} (16... Rb7) 17. a3 $1 {White is clearly winning.} b4 18. Bf1 Qxf1 19. Rhxf1 bxc3 20. bxc3 1-0